000 00853cam a22002531 4500
001 gs 48000391
003 DLC
005 20260227111354.0
008 810709s1948 idu 000 0 eng c
010 _ags 48000391
035 _a(OCoLC)7567427
040 _aU. S. Geol. Survey. Libr.
_cGStG
_dGStG
_dDLC
042 _apremarc
050 0 0 _aTN24.I2
_bA43 no. 80
100 1 _aAnderson, Roy A.
245 1 0 _aReconnaissance survey of the geology and ore deposits of the southwestern portion of Lemhi Range, Idaho.
260 _aMoscow,
_bUniversity of Idaho,
_c1948.
300 _a18 p.
_billus., fold. map.
_c28 cm.
410 2 0 _aIdaho Bureau of Mines and Geology.
_tPamphlet,
_vno. 80
500 _aCover title.
504 _aBibliographical footnotes.
650 0 _aGeology
_zIdaho
_zButte County.
650 0 _aOre deposits
_zIdaho
_zButte County.
999 _c28317
_d28317